00514cam a2200157 a 450000100100000000500170001000800410002702000150006804000250008308200130010810000320012124501060015326000390025930000240029850400340032200001563020200929164110.0931015s1981 xxu 000 0 spa  a0871392739 aDO-SdBNPbspacBNPHU axxxbxxx1 aMontesinos Berrio, Roberto.10aAmor y psicologia :bno apto para menores /cRoberto Montesinos Berrio; prólogo, José L. Morales. aNew York :bEdiciones ABRA,c1981. ax, 245 p. ;c22 cm. aIncluye biografía del autor